000 00486nam a2200169Ia 4500
005 20250923150032.0
008 008 250917s9999 xx 000 0 eng d
037 _aTextual
040 _aDSWL
_beng
_cDSWL
041 _aeng
_2eng
084 _aX:99Cx2, N94
_qDSWL
245 0 _aUnprotected labour in India
_cEd. by Sarath Davala
260 _aNew Delhi
_bFriedrich Ebertstiftung
_c1994
300 _a212p.
942 _cTEXL
_hX:99Cx2, N94
999 _c1458806
_d1458806